000
00263nam a2200109Ia 4500
008
220120s9999||||xx |||||||||||||| ||und||
100
_a
Kestoor, Praveen
245
0
_a
Mechanical Engineering
260
_b
Bangalore
300
_a
320p.
_b
135
650
_a
ELECTRONICS
999
_c
137349
_d
137349